| 000 | 00372pab a2200145 454500 | ||
|---|---|---|---|
| 008 | 180718b1997 xxu||||| |||| 00| 0 eng d | ||
| 100 | _aThakur, Vijay Kumar | ||
| 245 | _aUrban decay, ecological imbalance and the Brahtsamhita | ||
| 260 | _c1997 | ||
| 300 | _ap.13-32 | ||
| 362 | _aMay-Jun | ||
| 650 | _aUrban development | ||
| 773 | _aSocial Scientist | ||
| 909 | _a38024 | ||
| 999 |
_c38024 _d38024 |
||